000 00309nam a22001217a 4500
082 _a425
_bBRI/K
100 _aBRIGHT,J.S
245 _aPRACTICAL ENGLISH GRAMMAR & COMPOSITION
260 _aNEW DELHI
_bVEE KUMAR PUBLICATIONS
300 _a288
650 _aENGLISH GRAMMAR & COMPOSITION
_zNEW DELHI
942 _cBK
999 _c3858
_d3858